Statistiques concernant Capitales contenant la lettre - E

Cliquez ici pour prendre le quiz!

Statistiques générales

  • Ce quiz a été pris 446 fois
  • Le résultat moyen est 63 sur 85

Statistiques - réponses

Capitales% Correct
Rome
96%
Alger
95%
Berne
94%
Lisbonne
94%
Londres
93%
Andorre-la-Vieille
92%
Athènes
92%
Berlin
92%
Bruxelles
92%
Le Caire
92%
Budapest
91%
Pékin
91%
Zagreb
91%
Bucarest
90%
Séoul
90%
Helsinki
89%
Wellington
89%
Varsovie
88%
Buenos Aires
87%
Kiev
87%
Mexico
87%
Prague
87%
Vienne
87%
New Delhi
85%
Reykjavik
85%
Copenhague
84%
Erevan
84%
La Valette
84%
Canberra
83%
Amsterdam
82%
Luxembourg
82%
Belgrade
81%
Montevideo
81%
Vientiane
81%
Téhéran
80%
Manille
79%
Beyrouth
78%
Libreville
78%
La Havane
77%
Addis-Abeba
76%
Freetown
76%
Pretoria
76%
Georgetown
75%
Nicosie
75%
Port-au-Prince
75%
Skopje
75%
Brazzaville
73%
Malé
73%
Phnom Penh
73%
Yaoundé
73%
Lomé
72%
Belmopan
71%
Niamey
71%
San José
71%
Mascate
70%
Sarajevo
70%
Harare
68%
Saint-Domingue
68%
Bichkek
67%
Koweit
67%
Tachkent
67%
Port-d'Espagne
66%
Port Moresby
66%
Sao Tomé
66%
Taipei
66%
Bridgetown
63%
Castries
63%
Tegucigalpa
63%
Guatemala
62%
N'Djamena
61%
Windhoek
61%
Basseterre
60%
Gaborone
60%
Douchanbé
59%
Roseau
59%
Sucre
59%
Saint-Georges
58%
Maseru
57%
Yaren
56%
Mbabane
55%
Bandar Seri Begawan
54%
Lilongwe
53%
Gitega
49%
Sri Jayawardenapura Kotte
32%
Melekeok
22%

Distribution des résultats

Percentile par nombre de réponses

% des personnes avec chaque résultat

Votre développement - résultats

Vous n’avez pas pris ce quiz